LIBRARY & INFORMATION CENTRE, KCAET, TAVANUR

ONLINE PUBLIC ACCESS CATALOGUE (OPAC)

Agriculture Science and Technology (Record no. 14547)

MARC details
000 -LEADER
fixed length control field 00288nam a22001217a 4500
020 ## - INTERNATIONAL STANDARD BOOK NUMBER
ISBN 9788192668925
082 ## - DEWEY DECIMAL CLASSIFICATION NUMBER
Classification number 630.
Item number SHI/AG
100 ## - MAIN ENTRY--AUTHOR NAME
Personal name Shrivastava, A.K.
245 ## - TITLE STATEMENT
Title Agriculture Science and Technology
260 ## - PUBLICATION, DISTRIBUTION, ETC. (IMPRINT)
Place of publication Jaipur
Name of publisher Agrotech Press
Year of publication 2014
300 ## - PHYSICAL DESCRIPTION
Number of Pages 248
942 ## - ADDED ENTRY ELEMENTS (KOHA)
Koha item type Books
Holdings
Withdrawn status Lost status Damaged status Collection code Home library Current library Shelving location Date acquired Source of acquisition Cost, normal purchase price Full call number Accession Number Koha item type
        KAUAET KAUAET General Stacks 15/07/2016 Professional Book Centre, Kochin. 1995.00 630. SHI/AG 24267 Books
free website counter